01635cam a22002297a 4500020002200000040000800022082002600030245014200056260007600198300006000274490003100334520076900365650002001134650001101154650001601165650001101181700002201192700001801214710006101232856005501293856005701348 a9251053952 (pbk.) cOSU04a636 FOO 2005 A090 Or.10aRegional workshop on preparedness and response to aquatic animal health emergencies in Asia :b21-23 September 2004, Jakarta, Indonesia / aRome :bFood and Agriculture Organization of the United Nations,c2005. avii, 178 p. :bill. (chiefly col.), col. maps ;c30 cm.1 aFAO fisheries proceedings, a"The Regional Workshop on Preparedness and Response to Aquatic Animal Health Emergencies focused on emergency planning and responses to serious outbreaks of aquatic animal diseases in Asia. These proceedings include all the papers presented, group reports and resulting recommendations. The workshop was organized jointly by FAO, the Network of Aquaculture Centres in Asia-Pacific and the WorldFish Center and was hosted by the Government of Indonesia, Ministry of Marine Affairs and Fisheries. The material covers a wide range of topics, from a review of the history, current status and socio-economic impacts of transboundary aquatic animal diseases in Asia to analyses of regional needs in areas such as contingency planning, legislation and capacity building." 0aAquatic animals 0aFishes 0aAquaculture 0aFishes1 aSubasinghe, R. P.1 aArthur, J. R.2 aFood and Agriculture Organization of the United Nations.11uftp://ftp.fao.org/docrep/fao/008/a0192e/a0192e.zip41uhttp://www.loc.gov/catdir/toc/fy0703/2006484425.html